| 000 | 00691nam a22002177a 4500 | ||
|---|---|---|---|
| 005 | 20220423094346.0 | ||
| 008 | 220423b ||||| |||| 00| 0 eng d | ||
| 040 | _cAloy | ||
| 041 | _aeng | ||
| 082 |
_223 _a070.43 _bSAAJ |
||
| 100 |
_aSAARC Journalists Summit II _931162 |
||
| 245 |
_aJournalists beyond frontiers: _bSAARC Journalists Summit II November 10 11, 2005 Dhaka |
||
| 260 |
_aDhaka _bSouth Asian Free Media Association _c2005 |
||
| 300 |
_aiv,125 p. _bPB _c20x20 cm |
||
| 365 | _2Journalism | ||
| 650 |
_aJournalists _931163 |
||
| 650 |
_aJournalism _931164 |
||
| 650 |
_aMedia on the Receiving End _931165 |
||
| 700 |
_aSAARC JOURNALISTS SUMMIT II _931166 |
||
| 942 |
_2ddc _cGF |
||
| 999 |
_c222574 _d222574 |
||